000 00537nam a2200169Ia 4500
008 090201s9999 xx 000 0 und d
010 _aKPL-36034
040 _bमराठी
041 _aमराठी
082 _a24311
_b36034
100 _aमधु मंगेश कर्णिक
245 _aदरवळ
_cमधु मंगेश कर्णिक
260 _c2004
_bबंादोडकर पब्लिशिंग हाऊस
300 _a198
_bमोठा
600 _aदरवळ
942 _cBOOK
999 _c223647
_d223647